Football Clubs that Won Champions League and Europa League - Statistics

General Stats
  • This quiz has been taken 71 times
  • The average score is 8 of 11
Answer Stats
Hint Answer % Correct
16 Real Madrid
97%
4 Manchester United
91%
9 Liverpool
84%
4 Chelsea
83%
5 Juventus
78%
6 Inter Milan
77%
5 Ajax
72%
4 Porto
59%
2 PSV Eindhoven
57%
3 Feyenoord
51%
7 Bayern Munchen
23%
No matching quizzes found
Score Distribution
Percent of People with Each Score
Percentile by Number Answered
Your Score History
You have not taken this quiz